Normal view
MARC view
- Arora M N
Entry Personal Name
001 - CONTROL NUMBER
- control field: 106397
003 - CONTROL NUMBER IDENTIFIER
- control field: OSt
005 - DATE AND TIME OF LATEST TRANSACTION
- control field: 20230112004459.0
008 - FIXED-LENGTH DATA ELEMENTS
- fixed length control field: 230112|| aca||aabn | a|a d
040 ## - CATALOGING SOURCE
- Original cataloging agency: OSt
- Transcribing agency: OSt
100 ## - HEADING--PERSONAL NAME
- Personal name: Arora M N
670 ## - SOURCE DATA FOUND
- Source citation: Work cat.: (OSt)83989: Arora M N, A Textbook of Cost and Management Accounting, 2018